Vývoj a trendy v námornom a leteckom poistení diplomová práca

Uložené v:
Podrobná bibliografia
Hlavný autor: Kamenec, Michal
Korporativný autor: Národohospodárska fakulta EU. Katedra poisťovníctva
Ďalší autori: Ondruška, Tomáš, 1988-
Médium: Kniha
Jazyk:Slovak
Vydavateľské údaje: Bratislava 2016
Tagy: Pridať tag
Žiadne tagy, Buďte prvý, kto otaguje tento záznam!

MARC

LEADER 00000nbm a2200000 4500
001 0217818
005 20161108115821.8
041 0 |a slo 
044 |a SK 
245 1 0 |a Vývoj a trendy v námornom a leteckom poistení  |b diplomová práca  |c Michal Kamenec ; školiteľ: Tomáš Ondruška 
264 1 |a Bratislava  |c 2016 
300 |a 67 s. 
100 1 |a Kamenec, Michal 
700 1 |a Ondruška, Tomáš, 1988- 
710 2 |a Národohospodárska fakulta EU. Katedra poisťovníctva